000 01313cam a2200337 a 4500
999 _c7959
_d7959
001 16353846
003 OSt
005 20201027160240.0
008 100729s2011 nyua b 001 0 eng
010 _a 2010032042
015 _aGBB057569
_2bnb
016 7 _a015544987
_2Uk
020 _a9780071332507
020 _a0071332502
035 _a(OCoLC)ocn620294073
040 _aDLC
_cDLC
_dYDX
_dUKM
_dBTCTA
_dYDXCP
_dBWX
_dCDX
_dORX
_dDLC
050 0 0 _aHF5415.1265
_b.V367 2011
082 0 0 _a658.872
_222
_bVAR/M
100 _aVarnali, Kaan
_91364
245 1 0 _aMobile marketing :
_bfundamentals and strategy /
_cKaan Varnali ; Aysegul Toker ; Cengiz Yilmaz
260 _aNew York :
_bMcGraw-Hill,
_cc2011.
300 _axii, 163 p. :
_bill. ;
_c22 cm.
504 _aIncludes bibliographical references and index.
505 0 _aDefining mobile marketing -- Unique value propositions -- A consumer-centric model for mobile marketing -- The future of mobile marketing.
650 0 _aTelemarketing.
700 1 _aToker, Aysegul
_91455
700 1 _aYilmaz, Cengiz
_91456
906 _a7
_bcbc
_corignew
_d1
_eecip
_f20
_gy-gencatlg
942 _2ddc
_cBK
_h658.872
_iVAR/M
_k658.872
_mVAR/M